000 00690nam a2200289Ia 4500
005 20260324143407.0
008 008 260324s9999 xx 000 0 eng d
020 _a9780203130438
037 _aEBOOK
040 _aCRL
040 _beng
040 _cCRL
041 _2eng
041 _aeng
084 _qCRL
100 _aClive Hollin
_91215460
245 0 _aCriminal Behaviour
245 2 _bA Psychological Approach To Explanation And Prevention
260 _bTaylor and Francis
260 _c1992
365 _a
365 _b185
856 _uhttp://www.taylorfrancis.com/books/9780203130438
942 _cEBOOK
999 _c1820824
_d1820824